Tears in Heaven - Eric Clapton (All Lyrics) - Statistics

General Stats
  • This quiz has been taken 25 times
  • The average score is 115 of 154
Answer Stats
Answer % Correct
heaven?
100%
heaven
100%
I
100%
in
100%
my
95%
Would
95%
you
95%
if
89%
know
89%
name
89%
be
84%
saw
84%
the
84%
and
79%
And
79%
it
79%
same
79%
Tears
79%
don't
74%
belong
68%
can
68%
'Cause
68%
Here
68%
carry
63%
on
63%
can't
58%
hand
58%
hold
58%
I'll
58%
must
58%
stay
58%
your
58%
just
53%
me
53%
strong
53%
down
47%
more
47%
no
47%
Time
47%
Because
42%
bring
37%
Have
37%
I'm
37%
way
37%
day
32%
find
32%
help
32%
please
32%
feel
26%
heart
26%
night
26%
stand
26%
there'll
26%
begging
21%
Begging
21%
bend
21%
break
21%
door
21%
knees
21%
sure
21%
there's
21%
through
21%
peace
16%
Beyond
11%
No matching quizzes found
Score Distribution
Percent of People with Each Score
Percentile by Number Answered
Your Score History
You have not taken this quiz